[Event "St Petersburg Korchnoi Memorial op"]
[Site "St Petersburg"]
[Date "2024.08.20"]
[Round "7"]
[White "Kozhevnikov, Denis M"]
[Black "Tazetdinova, Adelya"]
[Result "1-0"]
[WhiteElo "1839"]
[BlackElo "1689"]
[PlyCount "63"]
[EventDate "2024.08.17"]
[EventType "swiss"]
[EventRounds "9"]
[EventCountry "RUS"]
[SourceTitle "EXT 2025"]
[Source "ChessBase"]
[SourceDate "2024.10.14"]
[SourceVersion "1"]
[SourceVersionDate "2024.10.14"]
[SourceQuality "1"]

1. e4 c5 2. Nf3 e6 3. d4 cxd4 4. Nxd4 a6 5. Nc3 Qc7 6. a3 b5 7. Be2 Bb7 8. 0-0 Nf6 9. Bf3 Nc6 10. g3 Be7 11. Bg2 Ne5 12. Re1 h5 13. h4 Nfg4 14. Bf4 d6 15. Nb1 Ng6 16. Bc1 Rd8 17. Bh3 N6e5 18. f3 d5 19. fxg4 Nxg4 20. Bf4 e5 21. exd5 Rxd5 22. Bxg4 hxg4 23. Nc3 Rc5 24. Nf5 Qc6 25. Ne4 Rd5 26. Qe2 Bc5+ 27. Nxc5 Rxc5 28. Nd6+ Qxd6 29. Bxe5 Qe6 30. Bxg7 Rhh5 31. Qd2 Be4 32. Rxe4 1-0

[Event "St Petersburg Korchnoi Memorial op"]
[Site "St Petersburg"]
[Date "2024.08.18"]
[Round "3"]
[White "Maslennikov, Dmitriy Aleksey"]
[Black "Kozhevnikov, Denis M"]
[Result "0-1"]
[WhiteElo "1552"]
[BlackElo "1839"]
[PlyCount "116"]
[EventDate "2024.08.17"]
[EventType "swiss"]
[EventRounds "9"]
[EventCountry "RUS"]
[SourceTitle "CBM 221 Extra"]
[Source "ChessBase"]
[SourceDate "2024.09.30"]
[SourceVersion "1"]
[SourceVersionDate "2024.09.30"]
[SourceQuality "1"]

1. e4 c5 2. Nf3 e6 3. d4 cxd4 4. Nxd4 Nf6 5. Nc3 Nc6 6. Nxc6 bxc6 7. e5 Nd5 8. Ne4 Qc7 9. f4 Qb6 10. c4 Bb4+ 11. Ke2 Ba6 12. Kf3 f5 13. Nf2 Ne7 14. Be3 Bc5 15. Bxc5 Qxc5 16. Qd6 Qb6 17. b3 c5 18. Qxb6 axb6 19. a4 Nc6 20. Rb1 Rd8 21. Ke3 d6 22. Nd3 dxe5 23. Nxe5 Nxe5 24. fxe5 Rd4 25. Be2 Re4+ 26. Kf2 Rxe5 27. Bf3 Ke7 28. g3 g5 29. Ra1 h6 30. a5 Rb8 31. axb6 Rxb6 32. Ra3 Kf6 33. Rd1 Bb7 34. Be2 f4 35. Rd7 Re3 36. Bd1 Be4 37. Raa7 Rc3 38. Rac7 Bc2 39. Rf7+ Ke5 40. gxf4+ gxf4 41. Rxc5+ Kd4 42. Rh5 Bxd1 43. Rxf4+ Kd3 44. Rxh6 Bxb3 45. Ke1 Rc1+ 46. Kf2 Rc2+ 47. Kg3 Rxc4 48. Rf2 Rbb4 49. h3 e5 50. Rd6+ Rd4 51. Rf3+ Ke2 52. Rf2+ Ke1 53. Rdf6 Rd3+ 54. Kg2 Rd2 55. Rxd2 Kxd2 56. Rf2+ Ke3 57. Rf3+ Kd4 58. h4 Bd5 0-1

[Event "St Petersburg Korchnoi Memorial op"]
[Site "St Petersburg"]
[Date "2023.08.19"]
[Round "3"]
[White "Tipikin, Ivan"]
[Black "Kozhevnikov, Denis M"]
[Result "0-1"]
[WhiteElo "1890"]
[BlackElo "1582"]
[PlyCount "116"]
[EventDate "2023.08.18"]
[EventType "swiss"]
[EventRounds "9"]
[EventCountry "RUS"]
[SourceTitle "CBM 216 Extra"]
[Source "ChessBase"]
[SourceDate "2023.11.30"]
[SourceVersion "1"]
[SourceVersionDate "2023.11.30"]
[SourceQuality "1"]

1. d4 Nf6 2. Nf3 g6 3. Bf4 d5 4. e3 Bg7 5. h3 c5 6. c3 Qb6 7. Qb3 c4 8. Qxb6 axb6 9. Bxb8 Rxb8 10. Nbd2 b5 11. a3 Bf5 12. Be2 0-0 13. 0-0 Ra8 14. Rac1 h5 15. Rfe1 Nd7 16. Bd1 Bh6 17. Bc2 e6 18. Nh2 Nf6 19. f3 Rfe8 20. Bd1 e5 21. g4 exd4 22. gxf5 dxe3 23. Ndf1 e2 24. Rc2 exd1Q 25. Rxd1 gxf5 26. Ng3 Re5 27. Re2 Rae8 28. Rde1 Rxe2 29. Rxe2 Rxe2 30. Nxe2 h4 31. Nf1 Ne8 32. f4 Bf8 33. Ne3 Bc5 34. Nd4 Ng7 35. Kg2 Ne6 36. Ndxf5 Bxe3 37. Nxe3 Nxf4+ 38. Kf3 Nxh3 39. Nxd5 Ng5+ 40. Kg4 h3 41. Nf6+ Kh8 42. Kg3 Kg7 43. Ne8+ Kg6 44. Nd6 f5 45. Nxb5 f4+ 46. Kh2 Kf5 47. Nd6+ Kg4 48. Nxc4 Kf3 49. Nd6 Ke2 50. Nf5 f3 51. Ng3+ Ke1 52. Nh1 f2 53. Nxf2 Kxf2 54. a4 Ke3 55. a5 Kd3 56. b4 Kc4 57. Kg3 Ne4+ 58. Kxh3 Nxc3 0-1